000 01458nam0a2200349 4500
001 RU\NLR\bibl\1275048
005 20260408152543.0
010 _a978-5-9791-0073-9
_94000
021 _aRU
_b2008-57482
_93201
035 _a(NLR Aleph) 001260876
090 _a378297
_c378297
100 _a20080919d2008 |||y0rusy50 ca
101 1 _arus
_ceng
102 _aRU
105 _ay z |||||
200 1 _aПодкачай прибыль
_eлучшие способы увеличить продажи и обороты, снизить расходы и затраты и добиться роста прибыли в условиях любого рынка
_fБрайан Трейси
_g[пер. с англ. Д. Диас]
205 _a2-е изд., стер.
210 _aМосква
_cSmart book
_d2008
215 _a78, [1] с.
_d17
225 1 _a21 ступень к успеху
225 1 _aМировой бестселлер
606 1 _aТорговля
_xМаркетинг
_92087709
_3RU\NLR\auth\661263884
606 1 _aТорговля
_xПредпринимательство
_92125616
_3RU\NLR\auth\661283060
606 _aПрибыль
_3RU\NLR\auth\6610896
_9907060
686 _aУ42(0)1-361.4
686 _aУ42(0)1-13
700 1 _4070
_8rus
_7ca
_aТрейси
_bБ.
_f1944-
_gБрайан
_3RU\NLR\auth\7769295
_952223
801 0 _aRU
_bNLR
_c20080919
_gRCR
801 1 _aRU
_bNLR
_c20080919
942 _cBOOK
980 _aNB